[Event "Evry op"]
[White "Chazot, Alban"]
[Black "Djadi, Fouad"]
[Site "Evry"]
[Round "1"]
[Result "0-1"]
[Date "2007.10.31"]
[WhiteElo "1299"]
[BlackElo "1782"]
[PlyCount "78"]
[EventDate "2007.10.31"]
[EventType "swiss"]
[EventRounds "9"]
[EventCountry "FRA"]
[SourceTitle "EXT 2009"]
[Source "ChessBase"]
[SourceDate "2008.11.26"]
[SourceVersion "1"]
[SourceVersionDate "2008.11.26"]
[SourceQuality "1"]

1. e4 e5 2. Nf3 Nf6 3. Nc3 Nc6 4. Bb5 Qe7 5. Bxc6 bxc6 6. 0-0 d5 7. d3 d4 8. Na4 Bg4 9. h3 Bh5 10. Bg5 h6 11. Bxf6 Qxf6 12. Nc5 Bxc5 13. a3 Bxf3 14. Qxf3 Qxf3 15. gxf3 g6 16. b4 Bb6 17. Rac1 a5 18. bxa5 Bxa5 19. Rb1 0-0-0 20. Rb2 Kd7 21. Kg2 Rb8 22. Rbb1 f5 23. h4 f4 24. Ra1 Rb2 25. Rac1 Rhb8 26. Rh1 Ra2 27. h5 g5 28. Kh3 Rxa3 29. Kg4 Ke6 30. Rhg1 Rb2 31. Ra1 Raa2 32. Rgc1 Bd2 33. Rf1 Rxc2 34. Rxa2 Rxa2 35. Rg1 Ba5 36. Rc1 Bc3 37. Rb1 Rxf2 38. Rg1 Rh2 39. Rf1 Rh4# 0-1